| 000 | 00957nam a2200253 a 4500 | ||
|---|---|---|---|
| 001 | BRCA_1122 | ||
| 005 | 20190320203305.0 | ||
| 008 | 990716s1998 mx-a---##b---#110-0#spa-# | ||
| 020 | _a970181214X | ||
| 040 |
_aDLC _cDLC _dDLC |
||
| 050 | 4 |
_aN6553 _b.M45 1998 |
|
| 245 | 1 | 0 |
_aMensaje de las imágenes _bhomenaje al doctor Santiago Sebastián : in memoriam _cJosé Antonio Terán Bonilla coordinador. |
| 260 |
_aMéxico _bINAH _c1998 |
||
| 300 |
_a146 p. _bil. _c26 cm. |
||
| 440 | 0 |
_aColección Científica _9470 |
|
| 500 | _aPapeles presentados en una conferencia en la Ciudad de México, 19-20 junio, 1995 | ||
| 500 | _a2do. ejemplar en el Área de Investigación | ||
| 504 | _aIncluye referencias bibliograficas | ||
| 650 | 1 | 4 |
_aArte mexicano _vCongresos _92347 |
| 650 | 1 | 4 |
_aArte colonial _vCongresos _zMéxico _92344 |
| 650 | 1 | 4 |
_aArte cristiano y simbolismo _vCongresos _zMéxico _93699 |
| 700 | 1 |
_aTerán Bonilla, José Antonio _9966 |
|
| 942 |
_2lcc _cB |
||
| 999 |
_c1000 _d1000 |
||